Statistics for Unicodeの文字ブロック名称

Click here to take the quiz!

General Stats

  • This quiz has been taken 7 times
  • The average score is 6 of 300

Answer Stats

ブロックの範囲符号位置の数日本語名称% Correct
U+3040~U+309F96平仮名
67%
U+30A0~U+30FF96片仮名
67%
U+0400~U+04FF256キリル文字
50%
U+0600~U+06FF256アラビア文字
33%
U+0F00~U+0FFF256チベット文字
17%
U+12000~U+123FF1024楔形文字
17%
U+0D00~U+0D7F128マラヤーラム文字
17%
U+0E00~U+0E7F128タイ文字
17%
U+1D00~U+1D7F128音声記号拡張
17%
U+1700~U+171F32タガログ文字
17%
U+10A0~U+10FF96グルジア文字
17%
U+20A0~U+20CF48通貨記号
17%
U+1100~U+11FF256ハングル字母
17%
U+13A0~U+13FF96チェロキー文字
17%
U+16A0~U+16FF96ルーン文字
17%
U+2700~U+27BF192装飾記号
17%
U+0A80~U+0AFF128グジャラート文字
17%
U+A980~U+A9DF96ジャワ文字
17%
U+1950~U+197F48タイ・ナ文字
17%
U+0590~U+05FF112ヘブライ文字
17%
U+2200~U+22FF256数学記号
17%
U+2DE0~U+2DFF32キリル文字拡張A
17%
U+0100~U+017F128ラテン文字拡張A
17%
U+08A0~U+08FF96アラビア文字拡張A
17%
U+0180~U+024F208ラテン文字拡張B
17%
U+0250~U+02AF96IPA拡張
17%
U+10AC0~U+10AFF64マニ文字
0%
U+10B00~U+10B3F64アヴェスタ文字
0%
U+10B40~U+10B5F32碑文パルティア文字
0%
U+10B60~U+10B7F32碑文パフラヴィ文字
0%
U+10B80~U+10BAF48詩編パフラヴィ文字
0%
U+11480~U+114DF96ティルフータ文字
0%
U+10C00~U+10C4F80突厥文字
0%
U+10C80~U+10CFF128古ハンガリー文字
0%
U+10D00~U+10D3F64ハニーフィー・ロヒンギャ文字
0%
U+10E60~U+10E7F32ルミ数字記号
0%
U+11100~U+1114F80チャクマ文字
0%
U+11400~U+1147F128ネワ文字
0%
U+11300~U+1137F128グランタ文字
0%
U+110D0~U+110FF48ソラングソンペング文字
0%
U+10F00~U+10F2F48古ソグド文字
0%
U+11280~U+112AF48ムルターニー文字
0%
U+11200~U+1124F80ホジャ文字
0%
U+10F30~U+10F6F64ソグド文字
0%
U+111E0~U+111FF32旧シンハラ数字
0%
U+10FE0~U+10FFF32エリマイス文字
0%
U+10A80~U+10A9F32古代北アラビア文字
0%
U+11000~U+1107F128ブラーフミー文字
0%
U+11180~U+111DF96シャーラダー文字
0%
U+11080~U+110CF80カイティー文字
0%
U+11150~U+1117F48マハージャニー文字
0%
U+112B0~U+112FF80フダーワーディー文字
0%
U+0000~U+007F128基本ラテン文字
0%
U+10A60~U+10A7F32古代南アラビア文字
0%
U+10380~U+1039F32ウガリト文字
0%
U+FE20~U+FE2F16合成可能な半記号
0%
U+FE50~U+FE6F32小字形
0%
U+FF00~U+FFEF240半角・全角形
0%
U+FFF0~U+FFFF16特殊用途文字
0%
U+10100~U+1013F64エーゲ数字
0%
U+10140~U+1018F80古代ギリシア数字
0%
U+10190~U+101CF64古代記号
0%
U+101D0~U+101FF48ファイストスの円盤文字
0%
U+10280~U+1029F32リュキア文字
0%
U+102A0~U+102DF64カリア文字
0%
U+102E0~U+102FF32コプト・エパクト数字
0%
U+10300~U+1032F48古代イタリア文字
0%
U+10330~U+1034F32ゴート文字
0%
U+10350~U+1037F48古ペルム文字
0%
U+103A0~U+103DF64古代ペルシャ文字
0%
U+10A00~U+10A5F96カローシュティー文字
0%
U+10860~U+1087F32パルミラ文字
0%
U+109A0~U+109FF96メロエ文字草書体
0%
U+10980~U+1099F32メロエ文字楷書体
0%
U+10920~U+1093F32リュディア文字
0%
U+10900~U+1091F32フェニキア文字
0%
U+108E0~U+108FF32ハトラ文字
0%
U+10880~U+108AF48ナバテア文字
0%
U+10840~U+1085F32帝国アラム文字
0%
U+10400~U+1044F80デザレット文字
0%
U+10800~U+1083F64キプロス音節文字
0%
U+10530~U+1056F64カフカス・アルバニア文字
0%
U+10500~U+1052F48エルバサン文字
0%
U+104B0~U+104FF80オセージ文字
0%
U+10480~U+104AF48オスマニア文字
0%
U+10450~U+1047F48ショー文字
0%
U+11580~U+115FF128悉曇文字
0%
U+11AC0~U+11AFF64パウ・チン・ハウ文字
0%
U+11600~U+1165F96モーディー文字
0%
U+1EE00~U+1EEFF256アラビア数字記号
0%
U+1D100~U+1D1FF256音楽記号
0%
U+1D200~U+1D24F80古代ギリシア音符記号
0%
U+1D2E0~U+1D2FF32マヤ数字
0%
U+1D300~U+1D35F96太玄経記号
0%
U+1D360~U+1D37F32算木用数字
0%
U+1D400~U+1D7FF1024数学用英数字記号
0%
U+1D800~U+1DAAF688サットン手話表記法
0%
U+1E000~U+1E02F48グラゴル文字補助
0%
U+1E2C0~U+1E2FF64ワンチョ文字
0%
U+1E800~U+1E8DF224メンデ文字
0%
U+1E900~U+1E95F96アドラム文字
0%
U+1EC70~U+1ECBF80インド・シヤク数字
0%
U+1ED00~U+1ED4F80オスマン・シヤク数字
0%
U+1F000~U+1F02F48マージャン記号
0%
U+1BCA0~U+1BCAF16速記書式制御記号
0%
U+1F030~U+1F09F112ドミノ記号
0%
U+1F0A0~U+1F0FF96トランプ記号
0%
U+1F100~U+1F1FF256囲み英数字補助
0%
U+1F200~U+1F2FF256囲み漢字補助
0%
U+1F300~U+1F5FF768その他の記号及び絵記号
0%
U+1F600~U+1F64F80顔文字
0%
U+1F650~U+1F67F48装飾用絵記号
0%
U+1F680~U+1F6FF128交通及び地図記号
0%
U+1F700~U+1F77F128錬金術記号
0%
U+1F780~U+1F7FF128幾何学模様拡張
0%
U+1F900~U+1F9FF256補助記号及び絵記号
0%
U+1FA00~U+1FA6F112チェス記号
0%
U+E0000~U+E007F128タグ
0%
U+E0100~U+E01EF240字形選択子補助
0%
U+1D000~U+1D0FF256ビザンチン音楽記号
0%
U+1BC00~U+1BC9F160デュプロワイエ式速記
0%
U+11660~U+1167F32モンゴル文字補助
0%
U+12400~U+1247F128楔形文字の数字及び句読点
0%
U+11680~U+116CF80タークリー文字
0%
U+11700~U+1173F64アーホム文字
0%
U+11800~U+1184F80ドーグリー文字
0%
U+118A0~U+118FF96ワラング・クシティ文字
0%
U+119A0~U+119FF96ナンディナーガリー文字
0%
U+11A00~U+11A4F80ザナバザル方形文字
0%
U+11A50~U+11AAF96ソヨンボ文字
0%
U+FE00~U+FE0F16字形選択子
0%
U+11C00~U+11C6F112バイクシュキー文字
0%
U+11C70~U+11CBF80マルチェン文字
0%
U+11D00~U+11D5F96マサラム・ゴーンディー文字
0%
U+11D60~U+11DAF80グンジャラ・ゴーンディー文字
0%
U+11EE0~U+11EFF32マカッサル文字
0%
U+11FC0~U+11FFF64タミル文字補助
0%
U+12480~U+1254F208シュメール楔形文字
0%
U+1B170~U+1B2FF400女書
0%
U+13000~U+1342F1072エジプト聖刻文字
0%
U+13430~U+1343F16エジプト聖刻文字書式制御記号
0%
U+14400~U+1467F640アナトリア聖刻文字
0%
U+16800~U+16A3F576バムン文字補助
0%
U+16A40~U+16A6F48ムロ文字
0%
U+16AD0~U+16AFF48バサ文字
0%
U+16B00~U+16B8F144パハウ・フモン文字
0%
U+16E40~U+16E9F96メデファイドリン文字
0%
U+16F00~U+16F9F160ミャオ文字
0%
U+16FE0~U+16FFF32漢字の記号及び句読点
0%
U+17000~U+187FF6144西夏文字
0%
U+18800~U+18AFF768西夏文字の構成要素
0%
U+1B000~U+1B0FF256仮名補助
0%
U+1B130~U+1B16F64小書き仮名拡張
0%
U+FE10~U+FE1F16縦書き形
0%
U+DC00~U+DFFF1024サロゲート
0%
U+2460~U+24FF160囲み英数字
0%
U+2600~U+26FF256その他の記号
0%
U+2100~U+214F80文字様記号
0%
U+2150~U+218F64数字に準ずるもの
0%
U+2190~U+21FF112矢印
0%
U+2300~U+23FF256その他の技術用記号
0%
U+2400~U+243F64制御機能用記号
0%
U+2440~U+245F32光学的文字認識
0%
U+FB00~U+FB4F80アルファベット表示形
0%
U+2500~U+257F128罫線素片
0%
U+2580~U+259F32ブロック要素
0%
U+25A0~U+25FF96幾何学模様
0%
U+1380~U+139F32エチオピア文字補助
0%
U+2070~U+209F48上付き・下付き
0%
U+1200~U+137F384エチオピア文字
0%
U+2800~U+28FF256点字図形
0%
U+1000~U+109F160ビルマ文字
0%
U+0E80~U+0EFF128ラオス文字
0%
U+2A00~U+2AFF256補助数学記号
0%
U+2B00~U+2BFF256その他の記号及び矢印
0%
U+2C00~U+2C5F96グラゴル文字
0%
U+0D80~U+0DFF128シンハラ文字
0%
U+2C80~U+2CFF128コプト文字
0%
U+2D00~U+2D2F48グルジア文字補助
0%
U+2D30~U+2D7F80ティフィナグ文字
0%
U+20D0~U+20FF48合成可能な記号用ダイアクリティカルマーク
0%
U+2000~U+206F112一般句読点
0%
U+2E00~U+2E7F128補助句読点
0%
U+1AB0~U+1AFF80合成可能なダイアクリティカルマーク拡張
0%
U+1760~U+177F32タグバヌア文字
0%
U+1780~U+17FF128クメール文字
0%
U+1800~U+18AF176モンゴル文字
0%
U+18B0~U+18FF80統合カナダ先住民文字拡張
0%
U+1900~U+194F80リンブ文字
0%
U+1980~U+19DF96新タイロ文字
0%
U+1680~U+169F32オガム文字
0%
U+19E0~U+19FF32クメール文字用記号
0%
U+1A00~U+1A1F32ブギス文字
0%
U+1A20~U+1AAF144タイタム文字
0%
U+1B00~U+1B7F128バリ文字
0%
U+1F00~U+1FFF256ギリシア文字拡張
0%
U+1B80~U+1BBF64スンダ文字
0%
U+1BC0~U+1BFF64バタク文字
0%
U+1C00~U+1C4F80レプチャ文字
0%
U+1C50~U+1C7F48オルチキ文字
0%
U+1400~U+167F640統合カナダ先住民文字
0%
U+1C90~U+1CBF48グルジア文字拡張
0%
U+1CC0~U+1CCF16スンダ文字補助
0%
U+1CD0~U+1CFF48ヴェーダ用拡張
0%
U+1D80~U+1DBF64音声記号拡張補助
0%
U+1DC0~U+1DFF64合成可能なダイアクリティカルマーク補助
0%
U+1E00~U+1EFF256ラテン文字拡張追加
0%
U+2D80~U+2DDF96エチオピア文字拡張
0%
U+0C80~U+0CFF128カンナダ文字
0%
U+1720~U+173F32ハヌノオ文字
0%
U+0700~U+074F80シリア文字
0%
U+A8E0~U+A8FF32デーヴァナーガリー文字拡張
0%
U+A900~U+A92F48カヤー文字
0%
U+A930~U+A95F48ルジャン文字
0%
U+07C0~U+07FF64ンコ文字
0%
U+0780~U+07BF64ターナ文字
0%
U+AA00~U+AA5F96チャム文字
0%
U+0750~U+077F48アラビア文字補助
0%
U+AA80~U+AADF96タイ・ヴィエト文字
0%
U+AAE0~U+AAFF32メイテイ文字拡張
0%
U+0530~U+058F96アルメニア文字
0%
U+2F00~U+2FDF224康煕部首
0%
U+AB70~U+ABBF80チェロキー文字補助
0%
U+ABC0~U+ABFF64メイテイ文字
0%
U+AC00~U+D7AF11184ハングル音節文字
0%
U+0500~U+052F48キリル文字補助
0%
U+D800~U+DB7F896サロゲート
0%
U+0370~U+03FF144ギリシア文字及びコプト文字
0%
U+DB80~U+DBFF128サロゲート
0%
U+0300~U+036F112合成可能なダイアクリティカルマーク
0%
U+E000~U+F8FF6400私用領域
0%
U+02B0~U+02FF80前進を伴う修飾文字
0%
U+A880~U+A8DF96サウラーシュトラ文字
0%
U+A840~U+A87F64パスパ文字
0%
U+0800~U+083F64サマリア文字
0%
U+0980~U+09FF128ベンガル文字
0%
U+2FF0~U+2FFF16漢字構成記述文字
0%
U+0C00~U+0C7F128テルグ文字
0%
U+3100~U+312F48注音字母
0%
U+3130~U+318F96ハングル互換字母
0%
U+3190~U+319F16漢文用記号
0%
U+31A0~U+31BF32注音字母拡張
0%
U+0B80~U+0BFF128タミル文字
0%
U+31F0~U+31FF16片仮名拡張
0%
U+0B00~U+0B7F128オリヤー文字
0%
U+A830~U+A83F16インド慣用数量記号
0%
U+0A00~U+0A7F128グルムキー文字
0%
U+4DC0~U+4DFF64易経記号
0%
U+0900~U+097F128デーヴァナーガリー文字
0%
U+A000~U+A48F1168イ文字
0%
U+A490~U+A4CF64イ文字部首
0%
U+A4D0~U+A4FF48リス文字
0%
U+A500~U+A63F320ヴァイ文字
0%
U+0860~U+086F16シリア文字拡張
0%
U+A6A0~U+A6FF96バムン文字
0%
U+A700~U+A71F32声調修飾文字
0%
U+0840~U+085F32マンダ文字
0%
U+A800~U+A82F48シロティ・ナグリ文字
0%
U+1740~U+175F32ブヒッド文字
0%
U+0080~U+00FF128ラテン1補助
0%
U+1FA70~U+1FAFF144記号及び絵記号拡張A
0%
U+F0000~U+FFFFF65536補助私用領域A
0%
U+FB50~U+FDFF688アラビア表示形A
0%
U+1B100~U+1B12F48仮名拡張A
0%
U+10600~U+1077F384線文字A
0%
U+AB00~U+AB2F48エチオピア文字拡張A
0%
U+AA60~U+AA7F32ビルマ文字拡張A
0%
U+A960~U+A97F32ハングル字母拡張A
0%
U+27C0~U+27EF48その他の数学記号A
0%
U+27F0~U+27FF16補助矢印A
0%
U+2900~U+297F128補助矢印B
0%
U+FE70~U+FEFF144アラビア表示形B
0%
U+10000~U+1007F128線文字B音節文字
0%
U+10080~U+100FF128線文字B表意文字
0%
U+D7B0~U+D7FF80ハングル字母拡張B
0%
U+2980~U+29FF128その他の数学記号B
0%
U+A9E0~U+A9FF32ビルマ文字拡張B
0%
U+100000~U+10FFFF65536補助私用領域B
0%
U+A640~U+A69F96キリル文字拡張B
0%
U+1F800~U+1F8FF256補助矢印C
0%
U+1C80~U+1C8F16キリル文字拡張C
0%
U+2C60~U+2C7F32ラテン文字拡張C
0%
U+F900~U+FAFF512CJK互換漢字
0%
U+FE30~U+FE4F32CJK互換形
0%
U+2F800~U+2FA1F544CJK互換漢字補助
0%
U+3000~U+303F64CJKの記号及び句読点
0%
U+2E80~U+2EFF128CJK部首補助
0%
U+3200~U+32FF256囲みCJK文字・月
0%
U+31C0~U+31EF48CJKの筆画
0%
U+3300~U+33FF256CJK互換用文字
0%
U+4E00~U+9FFF20992CJK統合漢字
0%
U+3400~U+4DBF6592CJK統合漢字拡張A
0%
U+20000~U+2A6DF42720CJK統合漢字拡張B
0%
U+2A700~U+2B73F4160CJK統合漢字拡張C
0%
U+2B740~U+2B81F224CJK統合漢字拡張D
0%
U+2B820~U+2CEAF5776CJK統合漢字拡張E
0%
U+2CEB0~U+2EBEF7488CJK統合漢字拡張F
0%
U+A720~U+A7FF224ラテン文字拡張D
0%
U+AB30~U+AB6F64ラテン文字拡張E
0%
U+1E100~U+1E14F80Nyiakeng Puachue Hmong文字
0%

Score Distribution

Percentile by Number Answered

Percent of People with Each Score

Your Score History

You have not taken this quiz